000 00387pab a2200157 454500
008 180718b2009 xxu||||| |||| 00| 0 eng d
100 _aDogra, Bharat
245 _aHow to minimise displacement through alternative patterns of development
260 _c2009
300 _ap.16-17.
362 _a26 Sep
650 _aRefugees
773 _aMainstream
908 _aN
909 _a84011
999 _c84011
_d84011